<?xml version="1.0" encoding="UTF-8"?>
<record
    xmlns:xsi="http://www.w3.org/2001/XMLSchema-instance"
    xsi:schemaLocation="http://www.loc.gov/MARC21/slim http://www.loc.gov/standards/marcxml/schema/MARC21slim.xsd"
    xmlns="http://www.loc.gov/MARC21/slim">

  <leader>03189cam a22002895a 4500</leader>
  <controlfield tag="001">14281630</controlfield>
  <controlfield tag="005">20160210142057.0</controlfield>
  <controlfield tag="008">060301t2006    enka   frb   f001 0 eng d</controlfield>
  <datafield tag="020" ind1=" " ind2=" ">
    <subfield code="a">9780195179637</subfield>
  </datafield>
  <datafield tag="040" ind1=" " ind2=" ">
    <subfield code="a">DLC</subfield>
    <subfield code="b">eng</subfield>
    <subfield code="c">DLC</subfield>
    <subfield code="d">BAKER</subfield>
    <subfield code="d">C#P</subfield>
    <subfield code="d">PMC</subfield>
    <subfield code="d">DLC</subfield>
    <subfield code="d">EG-ScBUE </subfield>
    <subfield code="d">EG-ScBUE </subfield>
  </datafield>
  <datafield tag="082" ind1="0" ind2="4">
    <subfield code="a">303.4833</subfield>
    <subfield code="b">COM</subfield>
    <subfield code="2">22</subfield>
  </datafield>
  <datafield tag="245" ind1="0" ind2="0">
    <subfield code="a">Computers, phones, and the Internet :</subfield>
    <subfield code="b">domesticating information technology /</subfield>
    <subfield code="c">edited by Robert Kraut, Malcolm Brynin, Sara Kiesler.</subfield>
  </datafield>
  <datafield tag="260" ind1=" " ind2=" ">
    <subfield code="a">Oxford ;</subfield>
    <subfield code="a">New York :</subfield>
    <subfield code="b">Oxford University Press,</subfield>
    <subfield code="c">c.2006.</subfield>
  </datafield>
  <datafield tag="300" ind1=" " ind2=" ">
    <subfield code="a">xiii, 326 p. :</subfield>
    <subfield code="b">ill. ;</subfield>
    <subfield code="c">26 cm.</subfield>
  </datafield>
  <datafield tag="490" ind1="0" ind2=" ">
    <subfield code="a">series in human-technology interaction ;</subfield>
    <subfield code="v">2</subfield>
  </datafield>
  <datafield tag="504" ind1=" " ind2=" ">
    <subfield code="a">Includes bibliographical references and indexes.</subfield>
  </datafield>
  <datafield tag="505" ind1="0" ind2=" ">
    <subfield code="a">Social studies of domestic information and communication technologies / Malcom Brynin and Robert Kraut -- Portraits of American internet use : findings from the Pew Internet and American Life Project / John B. Horrigan -- Passing by and passing through / Ben Anderson -- Older people and new technologies / Yoel Raban and Malcom Brynin -- Information technology and family time displacement / John P. Robinson and Jos De Haan -- Examining the impact of internet use on TV viewing : details make a difference / Robert Kraut ... [et al.] -- The neutered computer / Malcom Brynin -- The consumption junction revisited : networks and contexts / Maria Bakardjieva -- Designing the family portal for home networking / Alladi Venkatesh, Steven Chen, and Victor M. Gonzalez -- Children's privacy online : experimenting with boundaries within and beyond the family / Sonia Livingstone -- Children's home internet use : antecedents and psychological, social, and academic consequences / Linda A. Jackson ... [et al.] -- Social and civic participation in a community network / John M. Carroll ... [et al.] -- Teens on the internet : interpersonal connection, identity, and information / Patricia M. Greenfield ... [et al.] -- Teenage communication in the instant messaging era / Bonka Boneva ... [et al.] -- Control, emancipation, and status : the mobile telephone in teens' parental and peer  relationships / Rich Ling and Brigitte Yttri -- Intimate connections : contextualizing Japanese youth and mobile messaging / Mizuko Ito and Daisuke Okabe -- The Internet and social interaction : a meta-analysis and critique of studies, 1995-2003 / Irina Shklovski, Sara Kiesler, and Robert Kraut -- Communication technology and friendship during the transition from high school to college / Jonathon N. Cummings, John B. Lee, and Robert Kraut -- Considering the interactions : the effects of the internet on self and society / Katelyn Y.A. McKenna and Gwendolyn Seidman -- Rhythms and ties : toward a pragmatics of technologically mediated sociability / Christian Licoppe and Zbigniew Smoreda.</subfield>
  </datafield>
  <datafield tag="650" ind1=" " ind2="7">
    <subfield code="a">Information society.</subfield>
    <subfield code="2">BUEsh</subfield>
    <subfield code="9">37393</subfield>
  </datafield>
  <datafield tag="650" ind1=" " ind2="7">
    <subfield code="a">Information technology</subfield>
    <subfield code="x">Social aspects.</subfield>
    <subfield code="2">BUEsh</subfield>
    <subfield code="9">37778</subfield>
  </datafield>
  <datafield tag="650" ind1=" " ind2="0">
    <subfield code="a">Technological innovations</subfield>
    <subfield code="x">Social aspects.</subfield>
    <subfield code="2">BUEsh</subfield>
  </datafield>
  <datafield tag="651" ind1=" " ind2=" ">
    <subfield code="2">BUEsh</subfield>
  </datafield>
  <datafield tag="653" ind1=" " ind2=" ">
    <subfield code="b">COMAME</subfield>
    <subfield code="c">July2015</subfield>
    <subfield code="c">February2016</subfield>
  </datafield>
  <datafield tag="700" ind1="1" ind2=" ">
    <subfield code="a">Kraut, Robert E.</subfield>
    <subfield code="e">editor.</subfield>
  </datafield>
  <datafield tag="700" ind1="1" ind2=" ">
    <subfield code="a">Brynin, Malcolm,</subfield>
    <subfield code="e">editor.</subfield>
  </datafield>
  <datafield tag="700" ind1="1" ind2=" ">
    <subfield code="a">Kiesler, Sara,</subfield>
    <subfield code="d">1940-</subfield>
    <subfield code="e">editor.</subfield>
  </datafield>
  <datafield tag="942" ind1=" " ind2=" ">
    <subfield code="2">ddc</subfield>
  </datafield>
  <datafield tag="999" ind1=" " ind2=" ">
    <subfield code="c">20340</subfield>
    <subfield code="d">20312</subfield>
  </datafield>
  <datafield tag="952" ind1=" " ind2=" ">
    <subfield code="0">0</subfield>
    <subfield code="1">0</subfield>
    <subfield code="2">ddc</subfield>
    <subfield code="4">0</subfield>
    <subfield code="7">0</subfield>
    <subfield code="8">Baccah</subfield>
    <subfield code="a">MAIN</subfield>
    <subfield code="b">MAIN</subfield>
    <subfield code="c">1ST</subfield>
    <subfield code="d">2015-07-09</subfield>
    <subfield code="e">Purchase</subfield>
    <subfield code="g">600.00</subfield>
    <subfield code="h">21782</subfield>
    <subfield code="l">1</subfield>
    <subfield code="m">1</subfield>
    <subfield code="o">303.4833 COM</subfield>
    <subfield code="p">000039537</subfield>
    <subfield code="r">2025-07-15 00:00:00</subfield>
    <subfield code="s">2019-11-28</subfield>
    <subfield code="v">750.00</subfield>
    <subfield code="y">BB</subfield>
  </datafield>
</record>
